| 000 | 00430nam a2200145 4500 | ||
|---|---|---|---|
| 008 | 151015b xxu||||| |||| 00| 0 eng d | ||
| 020 | _a9780072504767 | ||
| 041 | 0 | _aeng | |
| 080 | _a316 | ||
| 245 | 0 |
_aSociology/ _cKenneth J. Neubeck , Davita Silfen Galsberg |
|
| 260 |
_aNew York, NY _bMcGraw-Hill _c2005 |
||
| 300 |
_a[574] f.; _bme il, _c25 cm |
||
| 650 | 0 | _aShkenca Shoqerore | |
| 942 |
_2udc _cBK |
||
| 999 |
_c1280 _d1280 |
||